| 000 | 00465nam a2200145Ia 4500 | ||
|---|---|---|---|
| 003 | OSt | ||
| 005 | 20260129105027.0 | ||
| 008 | 211028s2018 xx 000 0 und d | ||
| 040 | _cAIMIT LIBRARY | ||
| 041 | _aeng | ||
| 100 |
_aJishnu k; Nazerath, Teresa. _g1616070 _97826 |
||
| 245 | _aStudy on developing strategies to promote the sale of Maruthi suzuki cars with respect to Bharath auto cars / | ||
| 260 |
_aMangalore _bTeresa Nazareth. _c2018 |
||
| 942 |
_2ddc _cPRO |
||
| 999 |
_c219394 _d219394 |
||